Sports Quiz

Random Sports or NFL Quiz

NFL Players wearing Throwback Uniforms Quiz Stats

 Plays Quiz not verified by Sporcle

Support Sporcle.
Go Orange.
Score 0/20 Timer 05:00
0 Plays Today
% Correct
Barry Sanders
97.7%
Brett Favre
93.1%
John Elway
86.2%
Joe Montana
76.1%
Steve Young
75.7%
Deion Sanders
73.9%
Thurman Thomas
63.8%
Troy Aikman
61.9%
Jerome Bettis
60.6%
Boomer Esiason
56.4%
% Correct
Randall Cunningham
54.6%
Andre Rison
49.1%
Ronnie Lott
45.9%
Jeff George
42.7%
Heath Shuler
34.4%
Natrone Means
33%
Erik Kramer
31.2%
Barry Foster
30.7%
Terry Kirby
16.5%
Terry McDaniel
11.9%

You're not logged in!

Compare scores with friends on all Sporcle quizzes.
OR
Log In

From the Vault

Pick-a-Stan

by Fledermaus

In case you're wondering, Pickastan is not a Sporcle accepted country.
Remove Ads.
Support Sporcle.
Get the best of Sporcle when you Go Orange. This ad-free experience offers more features, more stats, and more fun while also helping to support Sporcle. Thank you for becoming a member.

Show Comments

Extras

Created Jan 7, 2016ReportNominate
Tags:NFL Quiz, 1994, Player, Throwback, uniform

Top Quizzes Today


Score Distribution

Your Account Isn't Verified!

In order to create a playlist on Sporcle, you need to verify the email address you used during registration. Go to your Sporcle Settings to finish the process.

Report this User

Report this user for behavior that violates our Community Guidelines.

Details: